Giáo trình quản lý đất ngập nước
Сохранить в:
| Главный автор: | |
|---|---|
| Формат: | |
| Опубликовано: |
Cần thơ
Đại học Cần thơ
2012
|
| Предметы: | |
| Метки: |
Добавить метку
Нет меток, Требуется 1-ая метка записи!
|
| Thư viện lưu trữ: | Trung tâm Học liệu Lê Vũ Hùng, Trường Đại học Đồng Tháp |
|---|
| LEADER | 00793pam a22002538a 4500 | ||
|---|---|---|---|
| 001 | 00037981 | ||
| 005 | 20171026081023.0 | ||
| 008 | 170514s2012 ||||||Viesd | ||
| 041 | 0 | # | |a Vie |
| 082 | 1 | 4 | |a 333.91 |b GI108TR |
| 100 | 1 | # | |a Trương, Thị Nga |
| 245 | 1 | 0 | |a Giáo trình quản lý đất ngập nước |c Trương Thị Nga |
| 260 | # | # | |a Cần thơ |b Đại học Cần thơ |c 2012 |
| 300 | # | # | |a 87tr |c 24 cm |
| 653 | # | # | |a Giáo trình |
| 653 | # | # | |a đất ngập nước |
| 653 | # | # | |a quản lý |
| 852 | # | # | |b Kho mượn |j KGT.0053170 |
| 852 | # | # | |b Kho đọc |j KD.0021543 |
| 852 | # | # | |j KGT.0053170 |j KD.0021543 |
| 910 | |d 14/05/2017 | ||
| 980 | # | # | |a Trung tâm Học liệu Lê Vũ Hùng, Trường Đại học Đồng Tháp |